Relativity / (Record no. 589921)

000 -LEADER
fixed length control field 00339nam a22001577a 4500
003 - CONTROL NUMBER IDENTIFIER
control field NUST
020 ## - INTERNATIONAL STANDARD BOOK NUMBER
International Standard Book Number 9781639894697
038 ## - RECORD CONTENT LICENSOR
Staff Name khadija
082 ## - DEWEY DECIMAL CLASSIFICATION NUMBER
Classification number 530.1
Author Mark GRE
100 ## - MAIN ENTRY--PERSONAL NAME
Personal name Green
9 (RLIN) 91794
245 ## - TITLE STATEMENT
Title Relativity /
Statement of responsibility, etc. Megan Green
260 ## - PUBLICATION, DISTRIBUTION, ETC.
Place of publication, distribution, etc. USA
Name of publisher, distributor, etc. States Academic Press
Date of publication, distribution, etc. 2022
300 ## - PHYSICAL DESCRIPTION
Extent p205
563 ## - BINDING INFORMATION
Binding note HB
942 ## - ADDED ENTRY ELEMENTS (KOHA)
Source of classification or shelving scheme
Koha item type Book
Holdings
Withdrawn status Lost status Source of classification or shelving scheme Damaged status Not for loan Permanent Location Current Location Shelving location Date acquired Total Checkouts Full call number Barcode Date last seen Price effective from Koha item type
          School of Mechanical & Manufacturing Engineering (SMME) School of Mechanical & Manufacturing Engineering (SMME) General Stacks 05/24/2022   530.1 GRE smme-3745 05/24/2022 05/24/2022 Book
© 2023 Central Library, National University of Sciences and Technology. All Rights Reserved.